| 000 | 00825nas a2200289 i 4500 | ||
|---|---|---|---|
| 001 | 2475 | ||
| 003 | ES-MaACL | ||
| 005 | 20250814062559.0 | ||
| 007 | t| | ||
| 008 | 950801d1869 fr ar p | 1 |fre d | ||
| 022 | _a0373-5117 | ||
| 080 | _a52 | ||
| 245 | 0 | 0 |
_aAnnuaire pour l'an... / _cpublié par le Bureau des longitudes. |
| 260 |
_aParis : _bMallet-Bachelier, _c[1869]- |
||
| 300 |
_a2 v. ; _c15 cm. |
||
| 310 | _aAnual | ||
| 362 | 1 | _aComenzó en 1797; cesó en 1969. | |
| 650 | 4 |
_aInstituciones científicas y diversas _913829 |
|
| 650 | 7 |
_aAstronomía _2embne _910386 |
|
| 650 | 7 |
_aPesos y medidas _2embne _9136691 |
|
| 655 | 7 |
_2tgfbne _9226822 _aAnuarios |
|
| 710 | 2 |
_aBureau des Longitudes (Paris) _92255 |
|
| 852 | 4 |
_aES-MaACL _jG-13758-59 |
|
| 866 | 0 | _o1869,1900. | |
| 942 | _2udc | ||
| 999 |
_c2475 _d2475 |
||